TRADITIONAL CULTURES AND THE IMPACT OF TECHNOLOGY CHANGE (Record no. 34848)

MARC details
000 -LEADER
fixed length control field 00459nam a2200169 4500
003 - CONTROL NUMBER IDENTIFIER
control field OSt
005 - DATE AND TIME OF LATEST TRANSACTION
control field 20220415111527.0
008 - FIXED-LENGTH DATA ELEMENTS--GENERAL INFORMATION
fixed length control field 220415b |||||||| |||| 00| 0 eng d
020 ## - INTERNATIONAL STANDARD BOOK NUMBER
International Standard Book Number -------------------
040 ## - CATALOGING SOURCE
Transcribing agency HU
082 ## - DEWEY DECIMAL CLASSIFICATION NUMBER
Classification number 301.243 FOS 1961
100 ## - MAIN ENTRY--PERSONAL NAME
Personal name FOSTER M.
9 (RLIN) 35985
245 ## - TITLE STATEMENT
Title TRADITIONAL CULTURES AND THE IMPACT OF TECHNOLOGY CHANGE
260 ## - PUBLICATION, DISTRIBUTION, ETC.
Place of publication, distribution, etc. NEW YORK
Name of publisher, distributor, etc. HARPER AAAND ROW
Date of publication, distribution, etc. 1961
300 ## - PHYSICAL DESCRIPTION
Extent xi 292 p
Dimensions 23
Type of unit HC
942 ## - ADDED ENTRY ELEMENTS (KOHA)
Source of classification or shelving scheme Dewey Decimal Classification
Koha item type Books like text book referance book
Suppress in OPAC No
Holdings
Withdrawn status Lost status Source of classification or shelving scheme Damaged status Not for loan Collection code Home library Current library Shelving location Date acquired Total Checkouts Full call number Barcode Date last seen Copy number Price effective from Koha item type
    Dewey Decimal Classification     Non-fiction Wondo Genet Library Wondo Genet Library General Stacks 04/15/2022   301.243 FOS 1961 WGCFNRL0001519165 04/15/2022 1 04/15/2022 Books like text book referance book